Loreto College Library, Kolkata
WEBOPAC (ONLINE PUBLIC ACCESS CATALOGUE)

Minerals of India (Record no. 29111)

MARC details
000 -LEADER
fixed length control field 00613nam a2200205Ia 4500
008 - FIXED-LENGTH DATA ELEMENTS--GENERAL INFORMATION
fixed length control field 131103s9999 xx 000 0 und d
020 ## - ISBN | অাই এস বি এন
PRICE Rs. 8.25
040 ## - CATALOGING SOURCE
Original cataloging agency Loreto College
041 ## - LANGUAGE CODE
Language code English
082 ## - DDC | ডিউই
Classification number | বর্গসংখ্যা 915/WAD
Book Number | গ্রন্থাঙ্ক LCBED/2604
100 ## - MAIN ENTRY--PERSONAL NAME | মুখ্য সংলেখ - ব্যাক্তিনাম
Personal name | ব্যাক্তিনাম Wadia, Meher D.N
245 ## - TITLE STATEMENT | অাখ্যা বিবরণী
Title | অাখ্যা Minerals of India
Statement of responsibility | লেখকের দায়িত্বের বিবরণ Meher D.NWadia and D.N.Wadia
260 ## - IMPRINT | প্রকাশনা ক্ষেত্র
Place of publication | প্রকাশ স্থান New Delhi
Name of publisher | প্রকাশকের নাম National Book Trust, India
Date of publication | প্রকাশ কাল 1966
300 ## - PHYSICAL DESCRIPTION |
Page / Vol. No | পৃষ্ঠা / খন্ড সংখ্যা x, 199 p.
Other physical details | অনান্য বাহ্যিক বিবরণ ill., charts, fig., maps.
440 ## - SERIES STATEMENT |গ্রন্থমালা
Series Title | গ্রন্থমালা অাখ্যা India - The Land and people
504 ## - BIBLIOGRAPHY, ETC. NOTE
Bibliography, etc Includes bibliographies and index
650 ## - SUBJECT ADDED ENTRY--TOPICAL TERM | বিষয় শিরোনাম - মূল বিষয়
Topical term | মূল বিষয় Geography
850 ## - HOLDING INSTITUTION
Holding institution LCBED/915/WAD
942 ## - ADDED ENTRY ELEMENTS (KOHA)
Koha item type Books
Holdings
Withdrawn status Lost status Damaged status Not for loan Home library Current library Date acquired Total Checkouts Full call number Accession No. Date last seen Price effective from Koha item type
        Loreto College Loreto College 04/11/2013   915/WAD LCBED/2604 B31960 04/11/2013 04/11/2013 Books